000 00269nam a2200109Ia 4500
008 190216s9999||||xx |||||||||||||| ||und||
100 _aAlbert Lepawsky
245 0 _aAdministration
260 _bOxford And Ibh Publishing Co. Pvt Ltd
_c1960
300 _a690p
942 _cBK
999 _c4757
_d4757